=LDR 00000nam 2200000 4500 =001 NUTBA000000000001863 =005 20140522092228.0 =006 =007 =008 =020 ##$$a 978-979-3756-78-3 =035 ##$$a 0010-051400000000328 =040 ##$$a NBPDMAT =082 ##$$a 639.375 =090 ##$$a 639.375 $b Bam b =100 ##$$a Bambang Cahyono =245 ##$$a Budidaya ikan bandeng : $b Tambak payau dan tambak sawah / $c Bambang Cahyono =260 ##$$a Jakarta : $b Pustaka Mina, $c 2011 =300 ##$$a 79 hlm. : $b ilus. ; $c 21 cm. =500 ##$$a Bibliografi : hlm. 76 =650 ##$$a Budidaya Bandeng =850 ##$$a NBPDMAT =990 ##$$a 21400692 =990 ##$$a 21400613/BPAP-NTB/20142014 =990 ##$$a 21400613/BPAP-NTB/20142014 =990 ##$$a 21400613/BPAP-NTB/20142014 =990 ##$$a 21400613/BPAP-NTB/20142014 =990 ##$$a 21400613/BPAP-NTB/20142014 =990 ##$$a 21400613/BPAP-NTB/20142014 =990 ##$$a 21400613/BPAP-NTB/20142014